Missing Word: Eagles A-Z II Quiz Stats

 Plays Quiz Updated Sep 26, 2017

Challenge
Share
Tweet
Embed
Score 0/22 Timer 03:00
1 Play Today
Song Answer % Correct
I _____ Tell You WhyCan't
93.5%
Hole _____ the WorldIn
89.7%
_____ of ControlOut
89%
Certain _____ of FoolKind
87.2%
Take It to the _____Limit
83.9%
Center of the _____Universe
82.6%
Chug All _____Night
78.7%
_____ Day in HellGood
78.4%
You Are Not _____Alone
77.9%
_____ LongHow
75.8%
_____ Maids All in a RowPretty
75.3%
Song Answer % Correct
Long Road Out of _____Eden
61.4%
The Greeks Don't Want No _____Freaks
55.8%
_____ Leaves Here This MorningTrain
53.2%
Most of Us Are _____Sad
48.9%
Funky New _____Year
47.6%
The Long _____Run
40.1%
Seven _____ RoadBridges
39.3%
Take the _____Devil
37.9%
Hollywood _____Waltz
35.7%
_____ FlyerMidnight
28.3%
Teenage _____Jail
19.1%

Today's Daily Dose

You're not logged in!

Compare scores with friends on all Sporcle quizzes.
Join for Free
OR
Log In

You Might Also Like...

Show Comments

Extras

Top Quizzes Today


Score Distribution

Your Account Isn't Verified!

In order to create a playlist on Sporcle, you need to verify the email address you used during registration. Go to your Sporcle Settings to finish the process.

Report this User

Report this user for behavior that violates our Community Guidelines.

Details: